000 00559nam a22001937a 4500
005 20251108172958.0
008 250721s1984 xx 000 0 ara d
082 1 4 _aق /يوس
100 1 _aيوسنار، مرغريت
245 1 0 _aميشيما أو رؤيا الفراغ /
246 1 3 _aرؤيا الفراغ
264 1 _aبيروت :
_bدار التنوير للنشر،
_c1984.
300 _a128ص.
650 1 7 _aالأدب المترجم
650 1 7 _aالقصص
700 1 _aحجار، بسام
_etran.
942 _2ddc
_cBK
999 _c93228
_d93228